000
00222 a2200097 4500
001
47636
100
_a
Hart L
245
_a
The strategy of indirect approach
260
_a
London
_b
Faber & Faber
_c
090
_c
30648
_d
30648
942
_a
NUST-CAE
_c
M
_c
22945
999
_c
282709
_d
282709